| 000 | 00753nam a2200265 a 4500 | ||
|---|---|---|---|
| 005 | 20260322212045.0 | ||
| 008 | data | ||
| 010 | _a 97075105 | ||
| 020 | _a0915540312 | ||
| 020 | _a9780915540310 | ||
| 040 |
_aDLC _cDLC |
||
| 050 | 0 | 0 |
_aBT93 _b.H47 1997 |
| 082 | 0 | 0 |
_a231.7/6 _221 |
| 092 | _a231.7 H47 1997 | ||
| 100 | 1 |
_aHerzig, Steve, _d1953- |
|
| 245 | 1 | 0 |
_aJewish culture and customs : _ba sampler of Jewish life / _cSteve Herzig. |
| 246 | 1 | 4 | _aJewish culture & customs |
| 260 |
_aBellmawr, NJ : _bFriends of Israel Gospel Ministry, _cc1997. |
||
| 300 |
_a141 p. ; _c22 cm. |
||
| 504 | _aIncludes bibliography (p. 141). | ||
| 650 | 0 | _aJudaism (Christian theology) | |
| 650 | 0 |
_aJews _xHistory. |
|
| 650 | 0 | _aJewish way of life. | |
| 001 | data | ||
| 999 |
_c1069 _d1069 |
||